000 00383nam a2200157 a 4500
005 20140414132140.0
008 140203s19uu xx 00 eng d
020 _a978184072373
050 _aREF 912
_bPh53 2012
245 _aPhilip's world atlas.
260 _aLondon :
_bPhilip's,
_cc2012.
300 _a176
650 _aRoad maps
650 _aWorld atlases
999 _c115346
_d115346